Poesía completa /

Guardado en:
Autor Principal: Pilar, Horacio
Otros Autores: Quiroga, Jorge; int., Santana, Raúl; epílogo
Formato: Libro
Publicado: Buenos Aires : Atuel, 2014
Series:Atuel/poesía. Colección Juan Gelman
Materias:
Etiquetas: Agregar Etiqueta
Sin Etiquetas, Sea el primero en etiquetar este registro!
LEADER 01070nam a22002895a 4500
001 CEM.cems014865
005 20180412161501.0
008 130507s2014##################000#0#####d
003 CEMS
020 |a 9789871155941 
082 0 4 |a A861.4 
100 1 |a Pilar, Horacio 
245 1 0 |a Poesía completa /  |c Horacio Pilar; presentación de Jorge Quiroga; epílogo de Raúl Santana 
260 |a Buenos Aires :  |b Atuel,  |c 2014 
300 |a 272 p. 
490 0 |a Atuel/poesía. Colección Juan Gelman 
500 |a Edición especial del Ministerio de Educación de la Nación 
505 0 |a Poemas (1959) -- Jornadas I -- Jornadas II -- Jornadas III -- Jornadas IV -- Amor y conocimiento -- Igual atacaría x 3 
653 |a Literatura 
653 |a Literatura argentina 
653 |a Poesía 
653 |a Poesía argentina 
653 |a Biblioteca juan gelman 
700 1 |a Quiroga, Jorge; int. 
700 1 |a Santana, Raúl; epílogo 
859 |a CEMS  |b BIB. CEMS - 11 de abril  |h A861.4  |i P64  |p 27465.18  |t Ej.1 
859 |a CEMS  |b BIB. CEMS - 11 de abril  |h A861.4  |i P64  |p 27768.19  |t Ej.2